[Event "Rosenheim IM"]
[Site "Rosenheim"]
[Date "2024.08.15"]
[Round "5"]
[White "Platzgummer, Fabian"]
[Black "Zysk, Robert"]
[Result "1/2-1/2"]
[WhiteElo "2304"]
[BlackElo "2376"]
[PlyCount "33"]
[EventDate "2024.08.12"]
[EventType "tourn"]
[EventRounds "9"]
[EventCountry "GER"]
[EventCategory "3"]
[SourceTitle "CBM 221 Extra"]
[Source "ChessBase"]
[SourceDate "2024.09.30"]
[SourceVersion "1"]
[SourceVersionDate "2024.09.30"]
[SourceQuality "1"]

1. Nf3 Nf6 2. c4 e6 3. b3 b6 4. Bb2 Bb7 5. e3 c5 6. Nc3 Be7 7. Be2 0-0 8. 0-0 d5 9. cxd5 Nxd5 10. d4 Nd7 11. Rc1 Rc8 12. Nxd5 Bxd5 13. Bd3 cxd4 14. Rxc8 Qxc8 15. Nxd4 Rd8 16. Qe2 Qa8 17. f3 1/2-1/2

[Event "Rosenheim IM"]
[Site "Rosenheim"]
[Date "2024.08.12"]
[Round "1"]
[White "Goldbeck, Lars"]
[Black "Platzgummer, Fabian"]
[Result "1-0"]
[WhiteElo "2321"]
[BlackElo "2304"]
[PlyCount "107"]
[EventDate "2024.08.12"]
[EventType "tourn"]
[EventRounds "9"]
[EventCountry "GER"]
[EventCategory "3"]
[SourceTitle "CBM 221 Extra"]
[Source "ChessBase"]
[SourceDate "2024.09.30"]
[SourceVersion "1"]
[SourceVersionDate "2024.09.30"]
[SourceQuality "1"]

1. d4 d5 2. c4 c6 3. Nc3 Nf6 4. e3 e6 5. Nf3 Nbd7 6. Be2 Bd6 7. 0-0 0-0 8. Re1 Re8 9. b3 b6 10. Bb2 Bb7 11. Bd3 e5 12. cxd5 cxd5 13. Nb5 Bb8 14. dxe5 Nxe5 15. Nxe5 Bxe5 16. Bxe5 Rxe5 17. Rc1 a6 18. Nd4 Rc8 19. Qe2 a5 20. Qb2 Qd6 21. Nf5 Qe6 22. Nd4 Qd6 23. h3 Ree8 24. Nf5 Qd7 25. b4 a4 26. Qd4 Re6 27. b5 g6 28. Nh6+ Kg7 29. Ng4 a3 30. Nxf6 Rxf6 31. e4 Qe7 32. Rxc8 Bxc8 33. e5 Re6 34. Qxd5 Bb7 35. Qd4 Qg5 36. Bf1 h5 37. Qe3 Qxe3 38. Rxe3 Bd5 39. f4 f6 40. Rd3 Bxa2 41. Rxa3 Bd5 42. Rd3 Ba2 43. exf6+ Kxf6 44. g3 g5 45. Rd4 Bb1 46. Kf2 Bf5 47. fxg5+ Kxg5 48. h4+ Kf6 49. Rf4 Kg6 50. Rxf5 Kxf5 51. Bh3+ Ke5 52. Bxe6 Kxe6 53. Kf3 Kf5 54. g4+ 1-0

[Event "AUT-ch Blitz"]
[Site "Innsbruck"]
[Date "2024.06.01"]
[Round "5"]
[White "Hengl, Philip"]
[Black "Platzgummer, Fabian"]
[Result "0-1"]
[WhiteElo "2127"]
[BlackElo "2344"]
[PlyCount "111"]
[EventDate "2024.06.01"]
[EventType "swiss (blitz)"]
[EventRounds "11"]
[EventCountry "AUT"]
[SourceTitle "CBM 220 Extra"]
[Source "ChessBase"]
[SourceDate "2024.07.31"]
[SourceVersion "1"]
[SourceVersionDate "2024.07.31"]
[SourceQuality "1"]

1. e4 c5 2. Nc3 b6 3. g3 Bb7 4. Bg2 g6 5. d3 Bg7 6. Be3 Nc6 7. Qd2 e5 8. f4 d6 9. Nf3 Nge7 10. 0-0 0-0 11. Rae1 Nd4 12. Nd1 Nxf3+ 13. Bxf3 Re8 14. c4 exf4 15. Bxf4 Nc6 16. Nc3 Be5 17. Bg2 Nd4 18. Ne2 Ne6 19. Be3 Rc8 20. Kh1 a6 21. Nc3 Bd4 22. Ne2 Bxe3 23. Qxe3 Qg5 24. Nf4 Nd4 25. h4 Qe5 26. Qf2 Qe7 27. Kh2 Rc7 28. Nh3 Nc6 29. Ng5 Ne5 30. Qe2 Bc8 31. Bh3 Bb7 32. Bg2 Kg7 33. Qd2 h6 34. Nh3 Nc6 35. Nf4 Nd4 36. Ne2 Qe5 37. Nxd4 cxd4 38. Qf4 f6 39. b4 g5 40. Qxe5 dxe5 41. Rc1 Bc8 42. Bh3 g4 43. Bg2 Be6 44. Rf2 Rec8 45. Rb2 h5 46. Bf1 Kf7 47. Be2 Ke7 48. Bd1 Kd6 49. Bb3 f5 50. exf5 Bxf5 51. Rd2 Rf8 52. Rf1 Rcf7 53. c5+ bxc5 54. bxc5+ Kxc5 55. Bxf7 Rxf7 56. Rdf2 0-1

[Event "AUT-ch Blitz"]
[Site "Innsbruck"]
[Date "2024.06.01"]
[Round "3"]
[White "Khalakhan, Jurij"]
[Black "Platzgummer, Fabian"]
[Result "0-1"]
[WhiteElo "2090"]
[BlackElo "2344"]
[PlyCount "130"]
[EventDate "2024.06.01"]
[EventType "swiss (blitz)"]
[EventRounds "11"]
[EventCountry "AUT"]
[SourceTitle "CBM 220 Extra"]
[Source "ChessBase"]
[SourceDate "2024.07.31"]
[SourceVersion "1"]
[SourceVersionDate "2024.07.31"]
[SourceQuality "1"]

1. b3 Nf6 2. Bb2 d6 3. g3 e5 4. Bg2 Be7 5. e3 0-0 6. Ne2 c5 7. c4 Re8 8. Qc2 Nc6 9. a3 Bg4 10. d3 Rc8 11. Nd2 Qd7 12. h3 Bh5 13. Nc3 Bd8 14. 0-0 a6 15. Rae1 Rb8 16. Nde4 Nxe4 17. dxe4 Ne7 18. f4 f6 19. g4 Bf7 20. Rd1 b5 21. cxb5 axb5 22. Nd5 Nxd5 23. exd5 Bb6 24. fxe5 dxe5 25. Be4 h6 26. Bf5 Qa7 27. Kg2 e4 28. Bxe4 Qe7 29. Bh7+ Kh8 30. Rfe1 Qd6 31. e4 Bc7 32. Kf1 Qg3 33. Qg2 Qxg2+ 34. Kxg2 Kxh7 35. Rc1 Bd6 36. Rc2 Bg6 37. Rce2 Re7 38. Kf3 c4 39. b4 Rbe8 40. Bd4 h5 41. Bc5 Rd7 42. Ra1 Ra8 43. Rea2 Be5 44. Rd1 Ra6 45. Ke3 Rd8 46. Bd4 Re8 47. Bxe5 Rxe5 48. Rd4 Ra8 49. Kf4 Rae8 50. Re2 Bf7 51. Re3 g5+ 52. Kf3 Bg6 53. a4 bxa4 54. Rxc4 a3 55. Rxa3 Bxe4+ 56. Kf2 Bxd5 57. Rc7+ R8e7 58. Raa7 Rxc7 59. Rxc7+ Kg6 60. b5 hxg4 61. hxg4 Be6 62. b6 Rb5 63. b7 Bxg4 64. Rc4 Bf5 65. Rc7 Be4 0-1

[Event "AUT-ch Blitz"]
[Site "Innsbruck"]
[Date "2024.06.01"]
[Round "2"]
[White "Platzgummer, Fabian"]
[Black "Vrban, Damir"]
[Result "1-0"]
[WhiteElo "2344"]
[BlackElo "2030"]
[PlyCount "89"]
[EventDate "2024.06.01"]
[EventType "swiss (blitz)"]
[EventRounds "11"]
[EventCountry "AUT"]
[SourceTitle "CBM 220 Extra"]
[Source "ChessBase"]
[SourceDate "2024.07.31"]
[SourceVersion "1"]
[SourceVersionDate "2024.07.31"]
[SourceQuality "1"]

1. Nf3 Nc6 2. d4 d6 3. e4 Nf6 4. Nc3 e5 5. dxe5 Nxe5 6. Nxe5 dxe5 7. Qxd8+ Kxd8 8. Bc4 Be6 9. Bxe6 fxe6 10. Bg5 Bd6 11. 0-0-0 Ke7 12. Rhe1 h6 13. Bxf6+ gxf6 14. Rd3 a6 15. Red1 Rag8 16. g3 h5 17. h4 f5 18. Re1 Rg4 19. Rf3 Rf8 20. exf5 Rxf5 21. Nd5+ Kf7 22. Rxf5+ exf5 23. Ne3 Re4 24. f3 Ra4 25. Nxf5 Rxa2 26. c3 Ra4 27. Kc2 Rc4 28. Re4 Rc6 29. g4 hxg4 30. fxg4 Kf6 31. Ne3 Kg6 32. Nd5 b5 33. Kd3 a5 34. Re1 Ra6 35. Rf1 a4 36. Ne3 a3 37. bxa3 Rxa3 38. h5+ Kg7 39. g5 b4 40. Nf5+ Kg8 41. Nh6+ Kg7 42. Rf7+ Kh8 43. g6 Rxc3+ 44. Ke4 Rh3 45. Rh7# 1-0